000 00585nam a2200205 a 4500
001 48409
005 20180714032720.0
008 140415s1982 mx 000 0 spa d
020 _a8475092020
041 _aspa
082 _a302.23
_bFLE
100 1 _aFLEUR, MELVIN L. DE
245 1 0 _aTEORIAS DE LA COMUNICACION DE MASAS
250 _a1a ed.
260 _aMEXICO :
_bED. PAIDOS,
_c1982
300 _a107
_c13.6 x 2.8 x 22
650 1 4 _aMEDIOS DE COMUNICACION DE MASAS
700 1 _aVENET, HOMERO ALSINA THE
_etr.
700 1 _aBALL-ROKEACH, SANDRA J.
_ecoaut.
999 _c48409
_d48409